KOHA-Header-6

Jinnah of Pakistan (Record no. 12799)

000 -LEADER
fixed length control field 00197nam a22000977a 4500
020 ## - INTERNATIONAL STANDARD BOOK NUMBER
ISBN 9780195774627
082 ## - DEWEY DECIMAL CLASSIFICATION NUMBER
Classification number 954.904
100 ## - MAIN ENTRY--AUTHOR NAME
Personal name Wolpert, Stanley
245 ## - TITLE STATEMENT
Title Jinnah of Pakistan
942 ## - ADDED ENTRY ELEMENTS (KOHA)
Koha item type Books
Holdings
Withdrawn status Lost status Collection code Permanent Location Current Location Shelving location Date acquired Full call number Accession Number Koha item type
    Jinnah Corner MAJU MAJU   2020-12-05 954.904 4225 Jinnah Corner

Powered by Koha